Economía de moneda y banca / (Registro nro. 12168)
[ vista simple ]
| 000 -LEADER | |
|---|---|
| fixed length control field | 01036nam a2200253Ia 4500 |
| 003 - CONTROL NUMBER IDENTIFIER | |
| control field | OSt |
| 005 - DATE AND TIME OF LATEST TRANSACTION | |
| control field | 20210811093023.0 |
| 008 - FIXED-LENGTH DATA ELEMENTS--GENERAL INFORMATION | |
| fixed length control field | 210310s1970 sr ad gr 000 0 spa d |
| 040 ## - CATALOGING SOURCE | |
| Original cataloging agency | CO-JMCR |
| Transcribing agency | CO-JMCR |
| 041 1# - LANGUAGE CODE | |
| Language code of text/sound track or separate title | spa |
| Language code of original | eng |
| 082 04 - DEWEY DECIMAL CLASSIFICATION NUMBER | |
| Classification number | 332 / |
| Item number | C455e |
| Edition number | 23 |
| 100 1# - MAIN ENTRY--PERSONAL NAME | |
| Personal name | Chander, Lester V., |
| Relator term | autor |
| 9 (RLIN) | 27478 |
| 245 10 - TITLE STATEMENT | |
| Title | Economía de moneda y banca / |
| Statement of responsibility, etc. | Lester V. Chandler ; traducción, Beatriz Valeiras, Susana García Uriburu |
| 250 ## - EDITION STATEMENT | |
| Edition statement | 5ª. edición |
| 260 ## - PUBLICATION, DISTRIBUTION, ETC. | |
| Place of publication, distribution, etc. | Buenos Aires, Argentina : |
| Name of publisher, distributor, etc. | Tea, |
| Date of publication, distribution, etc. | 1970. |
| 300 ## - PHYSICAL DESCRIPTION | |
| Extent | 831 páginas : |
| Other physical details | ilustraciones y gráficas en blanco y negro ; |
| Dimensions | 23 cm. |
| 501 ## - WITH NOTE | |
| With note | Con: notas a pie de página. |
| 505 0# - FORMATTED CONTENTS NOTE | |
| Formatted contents note | Naturaleza y funciones del dinero y de las finanzas. -- Los bancos comerciales. -- Los bancos centrales. -- Teoría monetaria. -- Relaciones monetarias internacionales. |
| 650 14 - SUBJECT ADDED ENTRY--TOPICAL TERM | |
| Topical term or geographic name entry element | Bancos y banca |
| 9 (RLIN) | 38633 |
| 650 24 - SUBJECT ADDED ENTRY--TOPICAL TERM | |
| Topical term or geographic name entry element | Dinero |
| 9 (RLIN) | 38632 |
| 700 1# - ADDED ENTRY--PERSONAL NAME | |
| Personal name | Valeiras, Beatriz, |
| Relator term | traductora |
| 9 (RLIN) | 39261 |
| 700 1# - ADDED ENTRY--PERSONAL NAME | |
| Personal name | Susana García Uriburu |
| Relator term | traductora |
| 9 (RLIN) | 39262 |
| 942 ## - ADDED ENTRY ELEMENTS (KOHA) | |
| Source of classification or shelving scheme | Dewey Decimal Classification |
| Koha item type | Books |
| Withdrawn status | Lost status | Source of classification or shelving scheme | Damaged status | Not for loan | Home library | Current library | Shelving location | Date acquired | Source of acquisition | Total Checkouts | Total Renewals | Full call number | Barcode | Date last seen | Date last checked out | Copy number | Price effective from | Koha item type |
|---|---|---|---|---|---|---|---|---|---|---|---|---|---|---|---|---|---|---|
| Dewey Decimal Classification | Biblioteca Pública José María del Castillo y Rada | Biblioteca Pública José María del Castillo y Rada | General Stacks | 04/15/2018 | Donación | 1 | 2 | 332 / C455e | 201811624 | 05/16/2024 | 01/31/2023 | Ej.1 | 03/10/2021 | Books |